Quiz o Dawidzie Podsiadło - Statystyki

Ogólne statystyki
  • Ten quiz został rozwiązany 48 razy
  • Średni wynik to 10 z 15
Statystyki odpowiedzi
Pytanie Odpowiedź % Poprawnych
Rok urodzenia 1993
95%
Miejsce urodzenia Dąbrowa Górnicza
84%
Najlepiej sprzedająca się płyta Małomiasteczkowy
82%
Talent show, w którym zwyciężył X Factor
76%
Liczba Fryderyków, które zdobył 15
71%
Supergrupa, w której skład wchodził w latach 2014, 2016, 2018 i 2021 Męskie Granie
71%
Zespół, w którym grał przed karierą solową Curly Heads
68%
Osoba, z którą nagrał płytę z okazji tego festiwalu Kaśka Sochacka
68%
Nazwa festiwalu Podsiadły, który odbył się w czerwcu, lipcu i sierpniu 2025 ZORZA
66%
Osoba, z którą w duecie wysprzedał Stadion Narodowy w 2019 Taco Hemingway
61%
Najpopularniejsza piosenka na Spotify, w której wystąpił I Ciebie też, bardzo
55%
Osoba, z którą prowadzi podcast Radosław Kotarski
55%
Płyta, którą promowała trasa pt. Postprodukcja Tour Lata Dwudzieste
53%
Instrument, w klasie którego był w szkole muzycznej Puzon
53%
Pierwszy album studyjny Comfort and Happiness
47%
Nie znaleziono quizów pasujących do podanych kryteriów
Rozkład punktacji
Procent ludzi z każdym wynikiem
Percentyl według liczby udzielonych odpowiedzi
Twoja historia wyników
Nie rozwiązałeś tego quizu